Szent-Györgyi Albert
Elmentve itt :
| Dokumentumtípus: | Cikk |
|---|---|
| Megjelent: |
1937-10-30
|
| Sorozat: | Magyarország
44 No. 247 |
| Kulcsszavak: | Szent-Györgyi Albert, Nobel-díj, C-vitamin, P-vitamin |
| Online Access: | http://misc.bibl.u-szeged.hu/72066 |
| LEADER | 00579nab a2200169 i 4500 | ||
|---|---|---|---|
| 001 | misc72066 | ||
| 005 | 20240122141147.0 | ||
| 008 | 240122s1937 hu o 000 hun d | ||
| 040 | |a SZTE Miscellanea Repozitórium |b hun | ||
| 041 | |a hun | ||
| 245 | 0 | 0 | |a Szent-Györgyi Albert |h [elektronikus dokumentum] |
| 260 | |c 1937-10-30 | ||
| 300 | |a 7 | ||
| 490 | 0 | |a Magyarország |v 44 No. 247 | |
| 561 | |a Szent-Györgyi Albertről szóló irodalom | ||
| 695 | |a Szent-Györgyi Albert, Nobel-díj, C-vitamin, P-vitamin | ||
| 856 | 4 | 0 | |u http://misc.bibl.u-szeged.hu/72066/1/szgya_1937_229.pdf |z Dokumentum-elérés |